000 01149nam a22002291a 4500
001 18413
003 OSt
005 20260204212404.0
008 171120s2017||||dr ||||||b||||||||||spa||
090 _aEDU-CS 2017 P35
100 1 _aPeña,Ramón Andrés
_esustentante
245 _aImpacto económico en las familias, de la jornada escolar extendida, Centro Educativo Juan Francisco Alfonseca de Angelina, Distrito Educativo 16-02 Fantino, año escolar 2016-2017/,Ramón Andrés Peña, Federico Peña Rodríguez y Eridania González Suero
260 _aCotuí, República Dominicana :
_bUTECO,
_c2017
300 _a62 hojas :
_bIlustraciones ;
_c28cm.
502 _aTrabajo de grado (Licenciatura en Educación, Mención Sociales)--Universidad Tecnológica del Cibao Oriental, 2017
504 _aIncluye referencia bibliográfica e índice
650 4 _aImpacto económico en las familias, de la jornada escolar extendida
700 1 _a Peña Rodríguez, Federico
_esustentante
700 1 _a González Suero, Eridania
_esustentante
830 _aTesis y disertaciones académicas (Universidad Tecnológica del Cibao Oriental)
942 _2LC
_cTH
999 _c18413
_d18413